| 000 | 01406nam0a2200337 4500 | ||
|---|---|---|---|
| 001 | RU\NLR\bibl\1456390 | ||
| 005 | 20260408195131.0 | ||
| 010 |
_a978-5-9524-4377-8 _93000 |
||
| 021 |
_aRU _b2009-91370 _95774 |
||
| 035 | _a(NLR Aleph) 001448189 | ||
| 090 |
_a1506130 _c1506130 |
||
| 100 | _a20090814d2009 |||y0rusy50 ca | ||
| 101 | 0 | _arus | |
| 102 | _aRU | ||
| 105 | _aa ||||||||| | ||
| 200 | 1 |
_aПетербургские сюжеты _eо жизни людей известных и не очень _fЛарисса Бройтман |
|
| 210 |
_aМосква _cЦентрполиграф _aСанкт-Петербург _cМиМ-Дельта _d2009 |
||
| 215 |
_a428, [2] с. _cил., портр. _d21 |
||
| 320 | _aБиблиогр. в примеч.: с. 389-411 | ||
| 320 | _aИмен. указ.: с. 412-429 | ||
| 606 |
_aЗдания _xИстория _yСанкт-Петербург, город _3RU\NLR\auth\661386378 _92317050 |
||
| 607 |
_aСанкт-Петербург, город _xИстория _xДеятели _92380640 _3RU\NLR\auth\661420401 |
||
| 686 | _aТ3(2-2СПб) | ||
| 686 | _aТ3(2-2СПб)0-8 | ||
| 700 | 1 |
_4070 _8rus _7ca _aБройтман _bЛ. И. _f1928-2014 _gЛарисса Ильинична _3RU\NLR\auth\7721057 _94123 |
|
| 801 | 0 |
_aRU _bNLR _c20090814 _gRCR |
|
| 801 | 1 |
_aRU _bNLR _c20090814 |
|
| 830 | _aавт. по кн. | ||
| 942 | _cBOOK | ||
| 980 | _aNB | ||